000 00528nam a2200169 i 4500
001 72813
003 ES-MaACL
005 20230906171551.0
007 t|
008 040903s1971 sp ||||1| spa d
100 1 _aGogarten, Friedrich.
_957593
245 1 0 _aDestino y esperanzas del mundo moderno /
_cFriedrich Gogarten ; [traducción por Carlos de la Sierra].
260 _aMadrid, etc. :
_bMarova,
_c[1971]
300 _a289 p. ;
_c18 cm.
700 1 _aSierra, Carlos de la.
_9106244
852 _aES-MaACL
_jC-47117
_bR.79591
999 _c72813
_d72813